00551 2200217 4500001002100000005001700021008004100038035002400079082001100103090002100114100001800135245004600153250001100199260002500210300002300235650002400258850001500282980001500297985000600312999001500318YOGYA-0209000002323420090227023743.0 ind  0010-020900000023234 a419.63 a419.63bWoj KlR aWOJOWASITO, S aKamus kawi-Indonesiacoleh, S. Wojowasito aCet. 1 aJakartab[s.n.]c19. avi, 315 hlmc21 cm aBahasa Kawi - Kamus aYOPDYOG(B) a02-10-2007 a1 a06A0019897